<?xml version="1.0" encoding="UTF-8"?>
<record
    xmlns:xsi="http://www.w3.org/2001/XMLSchema-instance"
    xsi:schemaLocation="http://www.loc.gov/MARC21/slim http://www.loc.gov/standards/marcxml/schema/MARC21slim.xsd"
    xmlns="http://www.loc.gov/MARC21/slim">

  <leader>01313    a2200157   4500</leader>
  <controlfield tag="003">Nust</controlfield>
  <controlfield tag="005">20170207154120.0</controlfield>
  <datafield tag="040" ind1=" " ind2=" ">
    <subfield code="c">Nust</subfield>
  </datafield>
  <datafield tag="082" ind1=" " ind2=" ">
    <subfield code="a">623.3</subfield>
  </datafield>
  <datafield tag="245" ind1=" " ind2=" ">
    <subfield code="a">Proceedings of military electronic defece expo-1978 (Photocopy)</subfield>
    <subfield code="c">Stover,Harry L</subfield>
  </datafield>
  <datafield tag="260" ind1=" " ind2=" ">
    <subfield code="c">1978</subfield>
    <subfield code="a">USA</subfield>
  </datafield>
  <datafield tag="300" ind1=" " ind2=" ">
    <subfield code="a">835 p.</subfield>
  </datafield>
  <datafield tag="505" ind1=" " ind2=" ">
    <subfield code="a">Solid State Microwave And Millimeter Wave Technology (Page-3), Gas Devices And Monolithic Integrated Circuits (Page-13), Microwave Monolithic Gallium Arsenide And Silicon Circuit Technology Overview (Page-27), Infrared CCD And CID Focal Plane Arrays (Page-105), Standardization And Trends In Military Microprocessor And Microcomputer Systems MEDE (Page-263), CCD Digital Memories (Page-117), The Use Of Microprocessors And Tactical Comm. (Page-276), Summary Of Threats (Page-379), Technological Trends In Electronic Warfare (Page-386), Antennas And Receivers For EW Sys (Page-408), The Target Problem Using Airborne Radar Under ECM Environment (Page-414), Delta Multiplex System (Page-475), Digital Technology In The Ptarmigan Switch (Page-489), Quantitative Measure Of Communications Security (Page-525), Management And Control Of Military Communications Networks (Page-535), Soviet Electronic Support Measures Capability (Page-830).</subfield>
  </datafield>
  <datafield tag="538" ind1=" " ind2=" ">
    <subfield code="a">Almirah No.42 Shelf No. 2</subfield>
  </datafield>
  <datafield tag="650" ind1=" " ind2=" ">
    <subfield code="a">Electronic warfare</subfield>
  </datafield>
  <datafield tag="942" ind1=" " ind2=" ">
    <subfield code="2">ddc</subfield>
    <subfield code="c">BK</subfield>
  </datafield>
  <datafield tag="999" ind1=" " ind2=" ">
    <subfield code="c">194284</subfield>
    <subfield code="d">194284</subfield>
  </datafield>
  <datafield tag="952" ind1=" " ind2=" ">
    <subfield code="0">0</subfield>
    <subfield code="1">0</subfield>
    <subfield code="2">ddc</subfield>
    <subfield code="4">0</subfield>
    <subfield code="7">0</subfield>
    <subfield code="8">NFIC</subfield>
    <subfield code="a">MCS</subfield>
    <subfield code="b">MCS</subfield>
    <subfield code="d">2016-12-12</subfield>
    <subfield code="l">0</subfield>
    <subfield code="o">623.3   MIL</subfield>
    <subfield code="p">MCS5871</subfield>
    <subfield code="r">2016-12-08</subfield>
    <subfield code="w">2016-12-12</subfield>
    <subfield code="y">BK</subfield>
  </datafield>
</record>
